书目信息 |
| 题名: |
2005年普通高等学校招生全国统一考试大纲
|
|
| 作者: | ;教育部考试中心 编 | |
| 分册: | ||
| 出版信息: | 北京 高等教育出版社 2005 |
|
| 页数: | 240页 | |
| 开本: | 21cm | |
| 丛书名: | ||
| 单 册: | ||
| 中图分类: | G424.74 | |
| 科图分类: | ||
| 主题词: | 教学理论 | |
| 电子资源: | ||
| ISBN: | 7-04-013529-9 | |
| 000 | 00675nam0 2200193 450 | |
| 001 | 0631200234 | |
| 005 | 20060930095619.43 | |
| 010 | @a7-04-013529-9@dCNY10.50 | |
| 100 | @a20060930d2005 km y0chiy0120 ea | |
| 101 | 0 | @achi |
| 102 | @aCN@b110000 | |
| 200 | 1 | @a2005年普通高等学校招生全国统一考试大纲@b理科@A2005 nian pu tong gao deng xue xiao zhao sheng quan guo tong yi kao shi da gang@f教育部考试中心编@Fjiao yu bu kao shi zhong xin bian |
| 210 | @a北京@c高等教育出版社@d2005 | |
| 215 | @a240页@d21cm | |
| 606 | 0 | @a教学理论 |
| 690 | @aG424.74@v3 | |
| 711 | 0 | @a教育部考试中心@Ajiao yu bu kao shi zhong xin@4编 |
| 801 | 0 | @aCN@bNISOFT@c20060930 |
| 905 | @a10447@dG424.74@e142 | |
| 2005年普通高等学校招生全国统一考试大纲[理科]/教育部考试中心编.-北京:高等教育出版社,2005 |
| 240页;21cm |
| ISBN 7-04-013529-9:CNY10.50 |
| ● |
| 相关链接 |
|
|
|
|
正题名:2005年普通高等学校招生全国统一考试大纲
索取号:G424.74/142
 
预约/预借
| 序号 | 登录号 | 条形码 | 馆藏地/架位号 | 状态 | 备注 |
| 1 | 0494076 | 204940760 | 密集书库/ [索取号:G424.74/142] | 在馆 |